Sports Quiz

Random Sports or MLB Quiz

MLB Most Saves in a Season - Pre -1969 Quiz Stats

 Plays Quiz not verified by Sporcle

Challenge
Share
Tweet
Embed
Score 0/47 Timer 10:00
0 Plays Today
Saves Pitcher % Correct
27Hoyt Wilhelm
88.7%
21Hoyt Wilhelm
88.7%
21Hoyt Wilhelm
88.7%
28Roy Face
77.4%
24Roy Face
77.4%
20Roy Face
77.4%
29Dick Radatz
61.3%
24Dick Radatz
61.3%
23Dick Radatz
61.3%
22Dick Radatz
61.3%
21Ron Perranoski
59.7%
22Jim Konstanty
58.1%
27Stu Miller
51.6%
24Stu Miller
51.6%
22Stu Miller
51.6%
27Lindy McDaniel
48.4%
22Lindy McDaniel
48.4%
31Ted Abernathy
41.9%
28Ted Abernathy
41.9%
27Joe Page
40.3%
20Frank Smith
40.3%
25Phil Regan
38.7%
21Phil Regan
38.7%
24Eddie Fisher
33.9%
Saves Pitcher % Correct
20Eddie Fisher
33.9%
29Luis Arroyo
32.3%
22Firpo Marberry
32.3%
32Jack Aker
25.8%
23Bob Lee
25.8%
21Al Worthington
24.2%
27Ellis Kinder
22.6%
20Frank Linzy
22.6%
27Minnie Rojas
21%
21John Wyatt
21%
20John Wyatt
21%
20Bob Locker
21%
20John Wyatt
21%
29Ron Kline
19.4%
23Ron Kline
19.4%
26Johnny Sain
17.7%
21Jack Baldschun
17.7%
21Al McBean
17.7%
21Billy McCool
16.1%
20Larry Sherry
14.5%
23Hal Woodeshick
12.9%
21Bill Dailey
4.8%
24Jim Hughes
1.6%

You're not logged in!

Compare scores with friends on all Sporcle quizzes.
OR
Log In

You Might Also Like...

Show Comments

Extras

Top Quizzes Today


Score Distribution

Your Account Isn't Verified!

In order to create a playlist on Sporcle, you need to verify the email address you used during registration. Go to your Sporcle Settings to finish the process.

Report this User

Report this user for behavior that violates our Community Guidelines.

Details: